Bylo nás pět /
Bylo nás pět je humoristický román Karla Poláčka, ve kterém autor vzpomíná na své dětství v Rychnově nad Kněžnou. Vypravěčem a zároveň hlavním hrdinou je školák Petr Bajza. Kniha je poměrně volným sledem jednotlivých příhod a dobrodružství, jež potkávají vypravěče a jeho čtyři kamarády: Čeňka Jirsák...
Uloženo v:
| Hlavní autor: | |
|---|---|
| Médium: | E-kniha |
| Jazyk: | Czech |
| Vydáno: |
Praha :
Artis,
2023
|
| Tagy: |
Žádné tagy |
| LEADER | 01505nam a22002297i 4500 | ||
|---|---|---|---|
| 001 | 311865 | ||
| 007 | ta | ||
| 008 | 260601s2023 xr ||||| |||| 00| 0 cze d | ||
| 020 | |a 9990003701015 | ||
| 044 | |a xr | ||
| 100 | 1 | |a Poláček, Karel |4 aut | |
| 245 | 1 | 0 | |a Bylo nás pět / |c Poláček, Karel |
| 264 | 1 | |a Praha : |b Artis, |c 2023 | |
| 300 | |a 1 online zdroj (134 stran) | ||
| 336 | |a text |b txt |2 rdacontent | ||
| 337 | |a bez média |b n |2 rdamedia | ||
| 338 | |a online zdroj |b cr |2 rdacarrier | ||
| 520 | 2 | |a Bylo nás pět je humoristický román Karla Poláčka, ve kterém autor vzpomíná na své dětství v Rychnově nad Kněžnou. Vypravěčem a zároveň hlavním hrdinou je školák Petr Bajza. Kniha je poměrně volným sledem jednotlivých příhod a dobrodružství, jež potkávají vypravěče a jeho čtyři kamarády: Čeňka Jirsáka, Antonína Bejvala, Édu Kemlinka a Josefa Zilvara z chudobince. Román napsal Poláček krátce před odchodem do Terezína v roce 1943, poprvé vyšel rok po druhé světové válce. Roku 1995 bylo dílo zfilmováno jako stejnojmenný šestidílný televizní seriál. | |
| 910 | |a RBIT002 | ||
| 998 | |d 370101 |a https://core.palmknihy.cz/api/books/370101/cover?rr4yo4 |b https://core.palmknihy.cz/api/books/370101/cover/400?rr4yo4 |c https://core.palmknihy.cz/api/books/370101/cover/50?rr4yo4 |e 2099-12-01 |g 134 |i 9990003701015 |j https://core.palmknihy.cz/api/books/370101/preview.epub |l |q 49 |r 1 |s https://www.palmknihy.cz/kniha/370101 |t ebook |y 2023 |z 1 | ||
| 999 | |d 311863 | ||